000 00596nam a2200217Ia 4500
001 1533
003 GE_BSU
008 181216s||||||||xx |||||||||||||| ||und||
040 _cGE_BSU
080 _a908:94
100 _aМатюшин,Г.Н.
245 _aИсторическое краеведение
245 _bУчебное пособие для студ.пед. ин-тов
260 _aМосква
260 _b,,Просвещение
260 _c1987
300 _a207стр.
541 _h5л.
653 _aИсторическое краеведение
942 _cBK
999 _c35660
_d35660